| 000 | 00763nam a2200253 a 4500 | ||
|---|---|---|---|
| 001 | 11475 | ||
| 003 | BD-RjUL | ||
| 005 | 20211208235131.0 | ||
| 008 | 161117s1975 ii a 000 0 eng | ||
| 020 |
_a0852268394 _c: IRs. 19.00 |
||
| 035 | _a(BD-RjUL)11524 | ||
| 040 |
_aDLC _cDLC _dDLC _dBD-RjUL _beng |
||
| 041 | _aeng | ||
| 082 | 0 | 0 |
_a571.6 _bSTB 1975 _223 |
| 100 | 1 |
_aStern, Herbert, _d1918- _935466 |
|
| 245 | 1 | 4 |
_aThe biology of cells / _cHerbert Stern, David Ledbetter Nanney. |
| 260 |
_aNew Delhi : _bWiley, _c1965 [Reprinted 1975]. |
||
| 300 |
_axi, 548 p. : _bill. ; _c24 cm. |
||
| 500 | _aIncludes Index | ||
| 650 | 0 |
_aCytology. _935467 |
|
| 650 | 0 |
_aCells _9159291 |
|
| 700 | 1 |
_aNanney, David Ledbetter, _d1925- _ejoint author. _935468 |
|
| 942 |
_2ddc _cBK |
||
| 999 |
_c11475 _d11475 |
||